| 000 | 00324cam a22001097a 4500 | ||
|---|---|---|---|
| 008 | 180718b1961 xxu||||| |||| 00| 0 eng d | ||
| 082 | _aB7303x5421 Ut8/1959 | ||
| 100 | _aUttar Pradesh. Municipal Corporation | ||
| 245 | _aUttar Pradesh Municipal Corporation Act, 1959 | ||
| 260 |
_aLucknow _bThe author _c1961 |
||
| 300 | _a319p. | ||
| 999 |
_c488706 _d488706 |
||